000 00495nam a2200205Ia 4500
005 20240823054403.0
008 240823s9999||||xx |||||||||||||| ||und||
020 _a978-81-8094-087-3
041 _aENGLISH
082 _A547 P0
100 _aRaman K V
245 0 _aOrganic Chemistry
250 _a1st
260 _c2010
_b"MJP Publishers,Ch"
_aChennai
500 _aTRANSFERED
650 _aorganic chemistry
_bChemistry
700 _a Vijayagopal G R
942 _cBK
999 _c226338
_d226338